Baily & Love's short practice of surgery (Record no. 3084)

MARC details
000 -LEADER
fixed length control field 00704 a2200205 4500
020 ## - INTERNATIONAL STANDARD BOOK NUMBER
Terms of availability 2068.00
035 ## - SYSTEM CONTROL NUMBER
System control number B-28064
037 ## - SOURCE OF ACQUISITION
Source of stock number/acquisition RP-BLI-58 / NCP-01-02:1 / RP-01-02:ENG
082 14 - DEWEY DECIMAL CLASSIFICATION NUMBER
Classification number 617
090 ## - LOCALLY ASSIGNED LC-TYPE CALL NUMBER (OCLC); LOCAL CALL NUMBER (OCLC)
-- 3146
-- 3146
245 1# - TITLE STATEMENT
Title Baily & Love's short practice of surgery
Statement of responsibility, etc edited by R.C.G. Russell, Norman S. Williams, Christopher J.K. Bulstrode
250 ## - EDITION STATEMENT
Edition statement 23th ed.
260 ## - PUBLICATION, DISTRIBUTION, ETC. (IMPRINT)
Place of publication, distribution, etc London
Name of publisher, distributor, etc Arnold
Date of publication, distribution, etc 2000
300 ## - PHYSICAL DESCRIPTION
Extent x, 1348 p
Other physical details Photos (B&W, Col.)
Dimensions 28 cm (pbk)
700 ## - ADDED ENTRY--PERSONAL NAME
Personal name Russell, R.C.G.
700 ## - ADDED ENTRY--PERSONAL NAME
Personal name Williams, Norman S.
700 ## - ADDED ENTRY--PERSONAL NAME
Personal name Bulstrode, Christopher J.K.
942 ## - ADDED ENTRY ELEMENTS (KOHA)
Institution code [OBSOLETE] dpl
Koha item type English Books
Call number prefix 617 / BAI
Holdings
Withdrawn status Lost status Source of classification or shelving scheme Damaged status Not for loan Collection code Home library Current library Cost, normal purchase price Total Checkouts Full call number Barcode Date last seen Uniform Resource Identifier Cost, replacement price Price effective from Koha item type
    Dewey Decimal Classification     Non-fiction Patel Nagar Patel Nagar 2068.00   617 BAI B-28064 15/09/2008 3281 2068.00 15/09/2008 English Books

© Delhi Public Library
Hit Counter
free hit counter